000 00964nam a22002537a 4500
001 12709
003 HDC
007 cr bn ---aaaaa
008 210210t19940101 ||||| |||| 00| 0 eng
040 _aHDC
100 _aNapompeth, Banpot
_eauthor
_913540
245 0 _aIntegrated Management of Paddy and Aquatic Weeds in Asia. Biological Control of Paddy and Aquatic Weeds in Thailand / by
_cBanpot Napompeth
260 _aTaipei, Taiwan :
_b Food and Fertilizer Technology Center for the Asian and Pacific Region,
_c1994
300 _a6 pages
336 _atext
_2rdacontent
337 _acomputer
_2rdamedia
338 _aonline resource
_2rdacarrier
650 _aBiological control
_93830
650 _apaddy weeds
_913529
856 _zRequest full-text at [email protected]
942 _2lcc
942 _cCHAP
942 _kEBCH 001846
999 _c10032
_d10032